[Event "13. Sparkassen Open 2014 - Gruppe A"]
[Site "Forchheim"]
[Date "2014.10.03"]
[Round "1.24"]
[White "Zhao, Kevin"]
[Black "Nussbaumer, Johann"]
[Result "1/2-1/2"]
[WhiteElo "1907"]
[BlackElo "2041"]
[PlyCount "112"]
[EventDate "2014.??.??"]
[WhiteTeam "SC Erlangen"]

1. e4 c5 2. Nf3 Nc6 3. d4 cxd4 4. Nxd4 e5 5. Nb5 a6 6. Nd6+ Bxd6 7. Qxd6 Qf6 8.
Qc7 Nge7 9. Bc4 Qg6 10. O-O Qxe4 11. Bd3 Qg4 12. Nc3 d5 13. Be2 Qd7 14. Qb6 Nd4
15. Bd1 Qc6 16. Qa5 Bd7 17. Be3 b6 18. Qa3 Qc5 19. b4 Qc4 20. Na4 Bb5 21. Re1
Qc6 22. c3 Ndf5 23. Bxb6 O-O 24. Bc5 e4 25. Nb2 Rfe8 26. Qb3 a5 27. a4 axb4 28.
cxb4 Ba6 29. Rc1 Qe6 30. Bg4 Qg6 31. Qh3 Qf6 32. Rb1 Nd6 33. Qe3 Nc4 34. Nxc4
Bxc4 35. a5 Qc6 36. Qh3 Qf6 37. Bd7 Red8 38. Bb6 Rf8 39. b5 Bd3 40. Rbc1 Bc4
41. Rb1 Qd6 42. Bd4 Rad8 43. Qg4 g6 44. Bc6 Nxc6 45. bxc6 Qxc6 46. Re3 Rc8 47.
Qf4 Bd3 48. Rh3 f6 49. g4 Qc7 50. Qh6 Rf7 51. g5 fxg5 52. Qxg6+ Kf8 53. Qh6+
Ke8 54. Qe6+ Kf8 55. Qh6+ Ke8 56. Qe6+ Kf8 1/2-1/2

[Event "13. Sparkassen Open 2014 - Gruppe A"]
[Site "Forchheim"]
[Date "2014.10.03"]
[Round "1.25"]
[White "Steinhart, Christoph"]
[Black "Zeltner, Ottmar"]
[Result "1-0"]
[WhiteElo "2025"]
[BlackElo "2041"]
[PlyCount "61"]
[EventDate "2014.??.??"]
[WhiteTeam "TSV Schönaich"]
[BlackTeam "SK Rothenburg"]

1. e4 e5 2. Nf3 Nc6 3. d4 exd4 4. Nxd4 Nf6 5. Nc3 Bb4 6. Nxc6 Bxc3+ 7. bxc3
bxc6 8. Bd3 d6 9. Bg5 h6 10. Bh4 Rb8 11. Qf3 O-O 12. O-O g5 13. Bg3 Ng4 14. e5
Nxe5 15. Bxe5 dxe5 16. Qe4 f5 17. Qxe5 Qd6 18. Qa5 Be6 19. Rfd1 Qe7 20. Re1 Qf7
21. Qxa7 Bd5 22. Qc5 Rfe8 23. c4 Be4 24. Bxe4 Rxe4 25. Rxe4 fxe4 26. Qxc6 Qg7
27. Rd1 Qe7 28. Qg6+ Kf8 29. Qxh6+ Kg8 30. h4 gxh4 31. Rd5 1-0

[Event "13. Sparkassen Open 2014 - Gruppe A"]
[Site "Forchheim"]
[Date "2014.10.03"]
[Round "1.26"]
[White "Pichl, Michael"]
[Black "Willim, Michael"]
[Result "1-0"]
[WhiteElo "2037"]
[BlackElo "2137"]
[PlyCount "65"]
[EventDate "2014.??.??"]
[WhiteTeam "SV Empor Erfurt"]
[BlackTeam "SC Erlangen"]

1. g3 g6 2. Bg2 Bg7 3. c4 c5 4. Nc3 Nc6 5. Nf3 e6 6. d3 Nge7 7. O-O O-O 8. Bd2
Rb8 9. Qc1 Re8 10. Bh6 Bh8 11. Ne4 d5 12. Nxc5 Nf5 13. Bg5 Qb6 14. Nb3 dxc4 15.
dxc4 e5 16. c5 Qb5 17. e4 Nfd4 18. Nbxd4 exd4 19. Qf4 Qxc5 20. Rac1 Qb6 21. Bf6
Bxf6 22. Qxf6 Qxb2 23. Ng5 Rf8 24. e5 Qxa2 25. Ra1 Qe2 26. Rfe1 Qh5 27. Bxc6
bxc6 28. Rxa7 Rb7 29. Rxb7 Bxb7 30. e6 fxe6 31. Qxe6+ Kh8 32. Qe7 Kg8 33. Ne6
1-0

[Event "13. Sparkassen Open 2014 - Gruppe A"]
[Site "Forchheim"]
[Date "2014.10.03"]
[Round "1.27"]
[White "Kammer, Christoph"]
[Black "Poghosyan, Tigran"]
[Result "1/2-1/2"]
[WhiteElo "2017"]
[BlackElo "1927"]
[PlyCount "77"]
[EventDate "2014.??.??"]
[WhiteTeam "TSV Nittenau"]
[BlackTeam "Lübecker SV"]

1. e4 c5 2. Nc3 d6 3. f4 g6 4. Nf3 Bg7 5. Bb5+ Nc6 6. Bxc6+ bxc6 7. d3 Nh6 8.
O-O f5 9. Qe1 e6 10. Na4 O-O 11. Bd2 Ba6 12. c4 Rb8 13. exf5 exf5 14. Bc3 Bxc3
15. Qxc3 Ng4 16. Rfe1 h6 17. Re6 Rf6 18. Re2 Rf7 19. Rae1 Rf8 20. Re6 Nf6 21.
Nh4 Kg7 22. Re7+ Rf7 23. R7e3 Kh7 24. Nf3 Qd7 25. b3 Re8 26. Qb2 Rxe3 27. Rxe3
Ng4 28. Re2 Re7 29. h3 Nf6 30. Kf2 Rxe2+ 31. Qxe2 Qe8 32. Nc3 Qxe2+ 33. Nxe2
Bb7 34. Ke3 Nd7 35. Kd2 Kg7 36. Kc3 a5 37. Kb2 Kf6 38. Ka3 Nb6 39. Kb2 1/2-1/2

[Event "13. Sparkassen Open 2014 - Gruppe A"]
[Site "Forchheim"]
[Date "2014.10.03"]
[Round "1.28"]
[White "Reimann, Gunther"]
[Black "Braun, Michael"]
[Result "0-1"]
[WhiteElo "1981"]
[BlackElo "1970"]
[PlyCount "56"]
[EventDate "2014.??.??"]
[WhiteTeam "SC Winnenden"]
[BlackTeam "SG Büchenbach/Roth"]

1. e4 c5 2. Nf3 d6 3. d3 Nc6 4. c3 g6 5. g3 Bg7 6. Bg2 e5 7. O-O Nge7 8. Nbd2
O-O 9. a4 f5 10. Ng5 Bf6 11. Qb3+ Kg7 12. Ne6+ Bxe6 13. Qxe6 Qc7 14. exf5 Nxf5
15. Ne4 Qe7 16. Qb3 h6 17. Nxf6 Rxf6 18. g4 Nh4 19. g5 Rf5 20. Be4 hxg5 21.
Bxf5 gxf5 22. f3 Rh8 23. Rf2 e4 24. fxe4 Ne5 25. exf5 Nef3+ 26. Rxf3 Nxf3+ 27.
Kf2 Rxh2+ 28. Kg3 Qe1+ 0-1

[Event "13. Sparkassen Open 2014 - Gruppe A"]
[Site "Forchheim"]
[Date "2014.10.03"]
[Round "1.29"]
[White "Kolthoff, Siegmund"]
[Black "Reuter, Roland"]
[Result "1-0"]
[WhiteElo "2073"]
[BlackElo "1998"]
[PlyCount "113"]
[EventDate "2014.??.??"]
[WhiteTeam "BW Buchholz"]
[BlackTeam "SK Schwabach"]

1. Nf3 d5 2. c4 e6 3. g3 Nf6 4. Bg2 Be7 5. O-O O-O 6. b3 c5 7. e3 Nc6 8. Bb2
Qc7 9. Nc3 a6 10. cxd5 exd5 11. d4 Bf5 12. dxc5 Nb4 13. Nd4 Bg6 14. Ba3 Bxc5
15. Bxb4 Bxb4 16. Nxd5 Nxd5 17. Bxd5 Rad8 18. Qf3 Rd7 19. Rac1 Qb8 20. Be4 Ba3
21. Rcd1 Qe5 22. Bxg6 hxg6 23. Nc2 Rxd1 24. Rxd1 Qb2 25. Nxa3 Qxa3 26. Qxb7
Qxa2 27. Rd4 Qe2 28. Rd6 a5 29. Qd5 Rc8 30. Rd8+ Rxd8 31. Qxd8+ Kh7 32. Qd5 f6
33. Kg2 Qa2 34. Qc4 g5 35. h4 gxh4 36. Qxh4+ Kg6 37. Qc4 Qd2 38. e4 Qa2 39. Qe6
Qe2 40. Qf5+ Kf7 41. g4 Qc2 42. Qd5+ Ke7 43. g5 Qe2 44. Kg3 Qe1 45. Kf3 Qh1+
46. Ke2 Qh5+ 47. Ke3 fxg5 48. Qxa5 Qh3+ 49. f3 Qg3 50. Qf5 Qe1+ 51. Kd3 Qd1+
52. Kc3 Qe1+ 53. Kc4 Qe2+ 54. Kb4 Qe1+ 55. Kb5 Qe2+ 56. Kb6 Qe3+ 57. Qc5+ 1-0

[Event "13. Sparkassen Open 2014 - Gruppe A"]
[Site "Forchheim"]
[Date "2014.10.03"]
[Round "1.30"]
[White "Schäfer, Sven"]
[Black "Kroneder, Christian"]
[Result "1/2-1/2"]
[WhiteElo "1966"]
[BlackElo "2048"]
[PlyCount "155"]
[EventDate "2014.??.??"]
[WhiteTeam "SK Dessau"]
[BlackTeam "SK Schwanstetten"]

1. e4 c5 2. Nf3 d6 3. d4 cxd4 4. Nxd4 Nf6 5. Nc3 a6 6. Be2 e5 7. Nb3 Be7 8. O-O
O-O 9. Kh1 b5 10. a4 b4 11. Nd5 Bb7 12. Nxe7+ Qxe7 13. f3 Nc6 14. Be3 Nd7 15.
Bc4 Rac8 16. Qe2 Nc5 17. Nxc5 dxc5 18. Bxa6 Bxa6 19. Qxa6 Nd4 20. Qc4 Qb7 21.
c3 Nc2 22. Bxc5 Nxa1 23. Rxa1 bxc3 24. b4 Rfd8 25. Qxc3 Qc7 26. Qe3 Rd7 27. h3
Rcd8 28. Bb6 Rd1+ 29. Kh2 Qc4 30. Rxd1 Rxd1 31. Qc5 Qe6 32. a5 h5 33. a6 h4 34.
a7 Ra1 35. Ba5 Qa6 36. Qf2 g5 37. g3 hxg3+ 38. Kxg3 Kh7 39. a8=Q Qxa8 40. Qb2
Rg1+ 41. Kh2 Qa7 42. b5 Qe3 43. Qd2 Qxd2+ 44. Bxd2 Rb1 45. Bxg5 Rxb5 46. Kg3
Kg6 47. Be3 Rb3 48. Bc1 Kh5 49. Bd2 Rb6 50. h4 Rg6+ 51. Kh3 Rg1 52. Bg5 Kg6 53.
Be7 Rh1+ 54. Kg2 Rd1 55. Kg3 Rd7 56. h5+ Kxh5 57. Bf6 Ra7 58. Bxe5 Ra5 59. Bf4
Ra4 60. Be3 Ra3 61. Bf4 Kg6 62. Bd6 Rd3 63. Bc7 Kf6 64. Kf4 Kg6 65. Bb8 Rb3 66.
Bc7 Rc3 67. Be5 Rc6 68. Bb2 f6 69. Ba1 Rc4 70. Bb2 Kf7 71. Ba1 Kg6 72. Bb2 Rc8
73. Bd4 Rh8 74. Kg4 Rh2 75. Bc3 Rg2+ 76. Kh3 Rg5 77. Bb2 Rb5 78. Ba1 1/2-1/2

[Event "13. Sparkassen Open 2014 - Gruppe A"]
[Site "Forchheim"]
[Date "2014.10.03"]
[Round "1.31"]
[White "Tassell, Pierre"]
[Black "Wichmann, Adrian"]
[Result "1/2-1/2"]
[WhiteElo "2041"]
[BlackElo "1881"]
[PlyCount "86"]
[EventDate "2014.??.??"]
[WhiteTeam "SC Bavaria Regensb."]
[BlackTeam "SC Forchheim"]

1. d4 d5 2. c4 c6 3. Nf3 Nf6 4. e3 e6 5. b3 Bd6 6. Bd3 Nbd7 7. Bb2 Ne4 8. Qc2
f5 9. O-O O-O 10. Nc3 Rf6 11. Ne2 Rh6 12. Ne5 Bxe5 13. dxe5 Qh4 14. h3 g5 15.
Bxe4 dxe4 16. b4 Nf8 17. f3 exf3 18. Rxf3 Bd7 19. e4 f4 20. Bd4 Qh5 21. Bf2 Ng6
22. g4 fxg3 23. Rxg3 Nxe5 24. Qc3 Ng6 25. Re1 e5 26. Be3 Nh4 27. Bxg5 Rg6 28.
Bxh4 Qxh4 29. Qxe5 Re8 30. Rxg6+ hxg6 31. Qg3 Qxe4 32. Qg2 Qxg2+ 33. Kxg2 Re4
34. c5 Rxb4 35. Nc3 Rb2+ 36. Kg3 Rc2 37. Re3 Bf5 38. a4 b6 39. cxb6 axb6 40.
Kf4 Kf7 41. Ke5 Rd2 42. h4 Rd8 43. Rg3 Be6 1/2-1/2

[Event "13. Sparkassen Open 2014 - Gruppe A"]
[Site "Forchheim"]
[Date "2014.10.03"]
[Round "1.32"]
[White "Vennemann, Jürgen"]
[Black "Süß, Stefan"]
[Result "0-1"]
[WhiteElo "1937"]
[BlackElo "1966"]
[PlyCount "100"]
[EventDate "2014.??.??"]
[WhiteTeam "SC Hersbruck"]
[BlackTeam "SC Noris-Tarrasch Nürnberg"]

1. d4 e6 2. c4 d5 3. cxd5 exd5 4. Nc3 Nf6 5. Bg5 Nbd7 6. e3 Be7 7. Bd3 c6 8.
Qc2 h6 9. Bf4 O-O 10. Nge2 Re8 11. O-O-O Nf8 12. h3 Bd6 13. g4 Ne6 14. Bxd6
Qxd6 15. f4 Qe7 16. Rdg1 Ne4 17. Bxe4 dxe4 18. h4 Nc7 19. h5 Nd5 20. Nxd5 cxd5
21. Nc3 Qd6 22. g5 Bf5 23. gxh6 g6 24. Rg5 Kh7 25. hxg6+ fxg6 26. Rhg1 Re7 27.
Kb1 Rc8 28. Qb3 Rd7 29. R1g2 Rc4 30. Rc2 Qc6 31. Ne2 b5 32. Ng3 Rf7 33. a3 a5
34. Nxf5 Rxf5 35. Rxf5 gxf5 36. Rg2 Rc1+ 37. Ka2 b4 38. a4 Qc4 39. Qxc4 dxc4
40. b3 c3 41. Rg5 Rd1 42. Rg7+ Kxh6 43. Rc7 Kh5 44. d5 Rxd5 45. Kb1 Kg4 46. Rh7
Kf3 47. Rh3+ Ke2 48. Kc1 Rd1+ 49. Kc2 Rd2+ 50. Kc1 Kd3 0-1

[Event "13. Sparkassen Open 2014 - Gruppe A"]
[Site "Forchheim"]
[Date "2014.10.03"]
[Round "2.1"]
[White "Fries, Frederik"]
[Black "Carlstedt, Jonathan"]
[Result "1/2-1/2"]
[WhiteElo "2170"]
[BlackElo "2442"]
[PlyCount "105"]
[EventDate "2014.??.??"]

1. Nf3 d5 2. c4 c6 3. e3 Nf6 4. Nc3 g6 5. d4 Bg7 6. Be2 O-O 7. O-O a6 8. a4 Be6
9. a5 dxc4 10. Qa4 Bd5 11. Ne5 Nbd7 12. Nxc4 Qc7 13. Bd2 Ne4 14. Nxe4 Bxe4 15.
Bb4 c5 16. dxc5 Ne5 17. Nb6 Rad8 18. Rfd1 Qc6 19. Qxc6 Nxc6 20. Bc3 Bxc3 21.
bxc3 Rxd1+ 22. Rxd1 Nxa5 23. Rd7 e6 24. Bf3 Bxf3 25. gxf3 f5 26. Rd6 Re8 27.
Nd7 Re7 28. Ne5 Kg7 29. f4 Kh6 30. Rb6 Kh5 31. c6 Nxc6 32. Nxc6 bxc6 33. Rxa6
Rc7 34. Kg2 h6 35. Ra8 g5 36. Re8 gxf4 37. exf4 Kg4 38. Rxe6 h5 39. Rh6 c5 40.
c4 Rg7 41. Rc6 h4 42. Rxc5 h3+ 43. Kf1 Kxf4 44. Rc8 Rg2 45. Rh8 Rxh2 46. Ke2
Rh1 47. c5 Ke4 48. c6 Rc1 49. Rxh3 Rc2+ 50. Kf1 Rxc6 51. Re3+ Kf4 52. Kg2 Kg4
53. Rg3+ 1/2-1/2

[Event "13. Sparkassen Open 2014 - Gruppe A"]
[Site "Forchheim"]
[Date "2014.10.03"]
[Round "2.2"]
[White "Seyb, Alexander"]
[Black "Miller, Eduard"]
[Result "1-0"]
[WhiteElo "2374"]
[BlackElo "2143"]
[PlyCount "57"]
[EventDate "2014.??.??"]
[WhiteTeam "SC Forchheim"]
[BlackTeam "SC Erlangen"]

1. Nf3 Nf6 2. g3 g6 3. Bg2 Bg7 4. O-O O-O 5. d4 c5 6. c3 cxd4 7. cxd4 d5 8. Nc3
Nc6 9. Ne5 Be6 10. Nxc6 bxc6 11. Na4 Nd7 12. Be3 Bf5 13. Rc1 Rc8 14. b3 Qa5 15.
Qe1 Qa6 16. Qd2 Rfe8 17. Nc5 Nxc5 18. Rxc5 Bf8 19. Ra5 Qb6 20. b4 e5 21. a3
exd4 22. Bxd4 c5 23. bxc5 Bxc5 24. Rxc5 Rxc5 25. Qh6 f6 26. Bxd5+ Kh8 27. e4
Bxe4 28. Bxe4 Rh5 29. Qxh5 1-0

[Event "13. Sparkassen Open 2014 - Gruppe A"]
[Site "Forchheim"]
[Date "2014.10.03"]
[Round "2.3"]
[White "Hacker, Jonas"]
[Black "Liepold, Stefan"]
[Result "1-0"]
[WhiteElo "2242"]
[BlackElo "2137"]
[PlyCount "77"]
[EventDate "2014.??.??"]

1. e4 e6 2. d4 d5 3. Nc3 Bb4 4. e5 c5 5. a3 Bxc3+ 6. bxc3 Ne7 7. Qg4 Kf8 8. Bd3
Qc7 9. Bd2 b6 10. Nf3 Ba6 11. O-O Bxd3 12. cxd3 Nd7 13. Rfc1 c4 14. Bg5 h6 15.
Bxe7+ Kxe7 16. Nd2 Rhg8 17. dxc4 dxc4 18. Qh4+ g5 19. Qxh6 Qc6 20. Re1 Rg6 21.
Qh3 b5 22. Ne4 Nb6 23. f4 gxf4 24. Qh4+ Kf8 25. Qxf4 Nd5 26. Qf3 a5 27. Rf1 Ra7
28. Ra2 Rg7 29. Nf6 Ne7 30. Qh3 Ng8 31. Qh8 b4 32. Nh7+ Rxh7 33. Qxh7 Qb6 34.
Raf2 f6 35. Rxf6+ Nxf6 36. Rxf6+ Ke8 37. Qg8+ Kd7 38. Rf7+ Kc6 39. Rxa7 1-0

[Event "13. Sparkassen Open 2014 - Gruppe A"]
[Site "Forchheim"]
[Date "2014.10.03"]
[Round "2.4"]
[White "Seidens, Udo"]
[Black "Hilverda, Alexander"]
[Result "0-1"]
[WhiteElo "2232"]
[BlackElo "2296"]
[PlyCount "113"]
[EventDate "2014.??.??"]

1. c4 c6 2. g3 d5 3. Bg2 Nf6 4. Nf3 dxc4 5. a4 Na6 6. Na3 Qd5 7. O-O e5 8. Ng5
e4 9. d3 cxd3 10. Nxe4 Nxe4 11. exd3 Nac5 12. dxe4 Qxd1 13. Rxd1 Be6 14. a5 Nb3
15. a6 Nxa1 16. Bf4 bxa6 17. Rxa1 Be7 18. Nc2 Rd8 19. h4 Bc8 20. e5 c5 21. Ne3
h6 22. h5 Bg5 23. Bc6+ Bd7 24. Rxa6 Bxf4 25. gxf4 Bxc6 26. Rxc6 O-O 27. Rxc5
Rb8 28. Rc7 a5 29. Nd5 Rxb2 30. Ra7 Rd8 31. Rxa5 Rd2 32. Ne7+ Kh7 33. Nf5 R8d7
34. Kg2 Rc7 35. Ne3 Rb7 36. f5 Rdb2 37. Ra6 R7b6 38. Ra7 Rb7 39. Ra6 R7b5 40.
Ng4 Rb6 41. Ra7 Rb7 42. Ra8 Rb8 43. Ra7 R2b7 44. Ra6 Rc8 45. Ra4 Rcb8 46. Ra6
Rb4 47. Kf3 Rb3+ 48. Kg2 R8b4 49. f3 Rf4 50. e6 Rxf5 51. e7 Rb8 52. Ra7 Re8 53.
Kg3 Rxh5 54. Kf4 f6 55. Ne3 Re5 56. Nf5 g5+ 57. Kg4 0-1

[Event "13. Sparkassen Open 2014 - Gruppe A"]
[Site "Forchheim"]
[Date "2014.10.03"]
[Round "2.5"]
[White "Golda, Harald"]
[Black "Fieberg, Samuel"]
[Result "1-0"]
[WhiteElo "2349"]
[BlackElo "2020"]
[PlyCount "97"]
[EventDate "2014.??.??"]
[WhiteTeam "SK Schweinfurt"]
[BlackTeam "SG Porz"]

1. d4 d5 2. Nf3 Nf6 3. c4 c6 4. Nc3 e6 5. e3 Nbd7 6. Bd3 dxc4 7. Bxc4 b5 8. Bd3
a6 9. a4 b4 10. Ne4 Nxe4 11. Bxe4 Bb7 12. O-O Nf6 13. Bd3 c5 14. Qe2 cxd4 15.
exd4 Be7 16. a5 O-O 17. Be3 Qd6 18. Nd2 Qc6 19. f3 Nd5 20. Rfc1 Qd7 21. Nb3
Nxe3 22. Qxe3 Rfd8 23. Be4 Bf6 24. Bxb7 Qxb7 25. Rc5 Qd7 26. Rac1 Bxd4 27. Nxd4
Qxd4 28. Qxd4 Rxd4 29. Rc8+ Rd8 30. Rxd8+ Rxd8 31. Rc6 Kf8 32. Rb6 Rd5 33. Rxb4
Ke7 34. Kf2 Rd2+ 35. Kg3 g5 36. Rb6 Kf6 37. b4 Rb2 38. h4 h6 39. hxg5+ hxg5 40.
Rxa6 Rxb4 41. Ra8 Kf5 42. a6 Rb2 43. Rf8 Ra2 44. Rxf7+ Ke5 45. Ra7 Kd6 46. Ra8
Kc7 47. a7 Kb7 48. Re8 Kxa7 49. Rxe6 1-0

[Event "13. Sparkassen Open 2014 - Gruppe A"]
[Site "Forchheim"]
[Date "2014.10.03"]
[Round "2.6"]
[White "Walter, Thomas"]
[Black "Thinius, Marco"]
[Result "1/2-1/2"]
[WhiteElo "2116"]
[BlackElo "2335"]
[PlyCount "37"]
[EventDate "2014.??.??"]
[WhiteTeam "SC Erlangen"]
[BlackTeam "SV Empor Berlin"]

1. e4 e5 2. Nf3 Nc6 3. d4 exd4 4. Nxd4 Bb4+ 5. c3 Bc5 6. Be3 Bb6 7. Qg4 Nf6 8.
Qxg7 Rg8 9. Qh6 Rg6 10. Qh4 d5 11. Bb5 Bd7 12. Bxc6 bxc6 13. e5 Ng4 14. Qxh7
Nxe3 15. Qh8+ Ke7 16. Qh4+ Kf8 17. Qh8+ Ke7 18. Qh4+ Kf8 19. Qh8+ 1/2-1/2

[Event "13. Sparkassen Open 2014 - Gruppe A"]
[Site "Forchheim"]
[Date "2014.10.03"]
[Round "2.8"]
[White "Eber, Fabian"]
[Black "Heidrich, Manfred"]
[Result "1/2-1/2"]
[WhiteElo "2003"]
[BlackElo "2340"]
[PlyCount "155"]
[EventDate "2014.??.??"]

1. e4 c5 2. Nf3 Nf6 3. e5 Nd5 4. c3 Nc6 5. Bc4 e6 6. O-O Nb6 7. Bb3 d6 8. d4
cxd4 9. cxd4 dxe5 10. dxe5 Qxd1 11. Rxd1 Na5 12. Bc2 Bd7 13. Nc3 Bc6 14. Be4
Bb4 15. Nd4 Bxe4 16. Nxe4 O-O 17. b3 a6 18. a3 Be7 19. Bd2 Nc6 20. Nxc6 bxc6
21. Be3 Nd5 22. Bc5 Bxc5 23. Nxc5 Rfc8 24. g3 Kf8 25. Rac1 Ke7 26. f4 Ra7 27.
Rd4 a5 28. Kf2 Rb8 29. Rd3 Kd8 30. Kf3 Ke7 31. Rc4 f6 32. Re4 f5 33. Rc4 Rb5
34. Ke2 Rb8 35. Kd2 Rc8 36. Kc1 Rcc7 37. Kb2 Ra8 38. Rd2 g6 39. Rc1 h6 40. Na4
g5 41. fxg5 hxg5 42. Rc5 f4 43. gxf4 gxf4 44. Rg2 Rf8 45. Nc3 f3 46. Nxd5+ exd5
47. Rf2 Ke6 48. Rc3 Rcf7 49. Rxc6+ Kxe5 50. Rc1 Rg8 51. Re1+ Kd4 52. Rd2+ Kc5
53. Re5 Rd8 54. Re1 d4 55. h4 Rg8 56. Kc2 Kd5 57. h5 Rc8+ 58. Kb2 Rh8 59. Rh2
f2 60. Rf1 Ke4 61. Rhxf2 Rxf2+ 62. Rxf2 Rxh5 63. Re2+ Kd3 64. Rg2 Re5 65. Rg3+
Kd2 66. a4 d3 67. b4 axb4 68. Kb3 Re4 69. a5 Rd4 70. a6 Rd6 71. a7 Ra6 72. Rg7
Ke2 73. Re7+ Kd1 74. Kxb4 d2 75. Kb5 Ra3 76. Kb6 Kc2 77. Rc7+ Kb2 78. Rd7
1/2-1/2

[Event "13. Sparkassen Open 2014 - Gruppe A"]
[Site "Forchheim"]
[Date "2014.10.03"]
[Round "2.9"]
[White "Meulner, Klaus"]
[Black "Schulze, Andreas"]
[Result "0-1"]
[WhiteElo "2114"]
[BlackElo "2239"]
[PlyCount "108"]
[EventDate "2014.??.??"]

1. d4 Nf6 2. c4 g6 3. Nc3 d5 4. cxd5 Nxd5 5. e4 Nxc3 6. bxc3 Bg7 7. Bg5 O-O 8.
Qd2 Re8 9. Nf3 c5 10. d5 Qa5 11. Rc1 e6 12. Be2 exd5 13. exd5 Nd7 14. O-O Nf6
15. Bxf6 Bxf6 16. Rfd1 Bg7 17. Bf1 Bd7 18. g3 Re4 19. Ng5 Ra4 20. d6 c4 21. Qf4
Qf5 22. Qxf5 Bxf5 23. d7 Rd8 24. Bg2 Bh6 25. f4 Bxg5 26. fxg5 Rxd7 27. Rxd7
Bxd7 28. Bxb7 Rxa2 29. Bd5 Ra5 30. Rd1 Bh3 31. Rd4 Rc5 32. Kf2 Kf8 33. Bxc4
Rxg5 34. Bd3 Be6 35. Rb4 a5 36. Rb8+ Ke7 37. Ke3 Rc5 38. Kd4 Rd5+ 39. Ke3 h5
40. c4 Re5+ 41. Kd4 Re1 42. Rb7+ Kf6 43. Ra7 Ra1 44. Kc5 Ke5 45. Ra8 Rd1 46.
Bc2 Rd2 47. Ba4 Rxh2 48. Rd8 Rh3 49. Kb5 Rxg3 50. c5 h4 51. c6 Rc3 52. Kb6 h3
53. c7 h2 54. Rd1 Bd5 0-1

[Event "13. Sparkassen Open 2014 - Gruppe A"]
[Site "Forchheim"]
[Date "2014.10.03"]
[Round "2.10"]
[White "Reis, Gerhard"]
[Black "Etlender, Roman"]
[Result "1-0"]
[WhiteElo "2203"]
[BlackElo "2184"]
[PlyCount "59"]
[EventDate "2014.??.??"]
[WhiteTeam "SW Nürnberg"]
[BlackTeam "Regensb. Turnerschaft"]

1. Nf3 c5 2. c4 Nc6 3. Nc3 g6 4. g3 Bg7 5. Bg2 d6 6. O-O e5 7. a3 Nge7 8. Rb1
Be6 9. d3 h6 10. b4 Qd7 11. bxc5 dxc5 12. Bd2 O-O 13. Ne4 b6 14. Bxh6 f5 15.
Bxg7 fxe4 16. Nxe5 Nxe5 17. Bxe5 Nc6 18. Bc3 exd3 19. Qxd3 Qxd3 20. exd3 Rac8
21. Rfe1 Kf7 22. Re3 Nd4 23. Bxd4 cxd4 24. Rxe6 Kxe6 25. Bh3+ Kd6 26. Bxc8 Rxc8
27. Rb5 Rc5 28. Rxc5 Kxc5 29. h4 b5 30. cxb5 1-0

[Event "13. Sparkassen Open 2014 - Gruppe A"]
[Site "Forchheim"]
[Date "2014.10.03"]
[Round "2.11"]
[White "Wagner, Florian"]
[Black "Arnold, Max"]
[Result "0-1"]
[WhiteElo "2215"]
[BlackElo "2150"]
[PlyCount "120"]
[EventDate "2014.??.??"]

1. Nf3 Nf6 2. c4 e6 3. Nc3 Bb4 4. Qb3 c5 5. a3 Ba5 6. g3 Nc6 7. Bg2 O-O 8. O-O
d5 9. d3 Bxc3 10. Qxc3 d4 11. Qc2 e5 12. e4 Ne8 13. Bd2 a5 14. Nh4 Nd6 15. f4
Bd7 16. f5 f6 17. g4 Qe7 18. Qc1 Nf7 19. Qe1 a4 20. Qg3 Rab8 21. Rac1 b5 22.
cxb5 Rxb5 23. Rc2 Rfb8 24. Bc1 Rb3 25. Rd1 Na5 26. Qe1 R3b5 27. Nf3 Nb3 28. Bd2
Be8 29. h4 Nd6 30. Bf1 Bf7 31. Qe2 Rc8 32. Be1 Rbb8 33. Kh2 c4 34. Bb4 cxd3 35.
Qxd3 Qd7 36. Rxc8+ Rxc8 37. Bxd6 Qxd6 38. Qb5 Qc6 39. Qxc6 Rxc6 40. Bd3 Rb6 41.
Ne1 Kf8 42. Nc2 Na5 43. Nb4 Nc6 44. Nxc6 Rxc6 45. Kg2 Bb3 46. Rd2 Rc1 47. g5
Ke7 48. Kf2 Kd6 49. Kg2 Kc5 50. Kh2 Re1 51. Kg2 Re3 52. Bb1 Kc4 53. gxf6 gxf6
54. h5 d3 55. Kf2 Kd4 56. Kf1 Rf3+ 57. Kg2 Kxe4 58. Re2+ Kf4 59. Re1 e4 60. h6
Rg3+ 0-1

[Event "13. Sparkassen Open 2014 - Gruppe A"]
[Site "Forchheim"]
[Date "2014.10.03"]
[Round "2.12"]
[White "Martin Fernandez, Rodrigo"]
[Black "Schwab, Matthias"]
[Result "0-1"]
[WhiteElo "2159"]
[BlackElo "2082"]
[PlyCount "66"]
[EventDate "2014.??.??"]

1. d4 d5 2. c4 e6 3. Nf3 c5 4. cxd5 exd5 5. g3 Nc6 6. Bg2 Nf6 7. O-O Be7 8. Nc3
O-O 9. b3 Bg4 10. dxc5 Bxc5 11. Bb2 Re8 12. Na4 Bf8 13. h3 Bh5 14. Rc1 Ne4 15.
Nc3 Qa5 16. g4 Bg6 17. a4 Bb4 18. Na2 Bc5 19. e3 Rad8 20. Nd4 Qb6 21. Re1 a5
22. Re2 h5 23. Nf5 Bxf5 24. gxf5 d4 25. exd4 Nxd4 26. Rxe4 Rxe4 27. Bxe4 Nxb3
28. Qxh5 Bxf2+ 29. Kg2 Nd2 30. Bxg7 Kxg7 31. Qg5+ Kf8 32. Bxb7 Qxb7+ 33. Kxf2
Ne4+ 0-1

[Event "13. Sparkassen Open 2014 - Gruppe A"]
[Site "Forchheim"]
[Date "2014.10.03"]
[Round "2.13"]
[White "Birkenmaier, Rainer"]
[Black "Niedermeier, Thomas"]
[Result "0-1"]
[WhiteElo "2077"]
[BlackElo "2202"]
[PlyCount "68"]
[EventDate "2014.??.??"]
[WhiteTeam "TG Biberach"]
[BlackTeam "SV Ilmmünster"]

1. d4 Nf6 2. Nf3 g6 3. Bg5 Bg7 4. Nbd2 h6 5. Bxf6 Bxf6 6. c3 d6 7. e4 O-O 8.
Bc4 c5 9. dxc5 dxc5 10. O-O Nc6 11. Qe2 Qc7 12. Qe3 Bg7 13. Qxc5 b6 14. Qe3 Bb7
15. Rad1 a6 16. Bd5 e6 17. Bxc6 Qxc6 18. Nd4 Qc7 19. N2f3 e5 20. Nb3 f5 21.
Nfd2 a5 22. Rfe1 Rf7 23. exf5 gxf5 24. Qe2 a4 25. Nc1 a3 26. bxa3 Qxc3 27. Nb1
Qc6 28. f3 Bf6 29. Qf2 Rg7 30. Nd3 Qxf3 31. Qxf3 Bxf3 32. Rd2 Rd8 33. Re3 Be4
34. Ne1 Bxb1 0-1

[Event "13. Sparkassen Open 2014 - Gruppe A"]
[Site "Forchheim"]
[Date "2014.10.03"]
[Round "2.14"]
[White "Guennigmann, Manuel"]
[Black "Bachstein, Dustin"]
[Result "1/2-1/2"]
[WhiteElo "2177"]
[BlackElo "2083"]
[PlyCount "81"]
[EventDate "2014.??.??"]

1. e4 c5 2. Nf3 d6 3. Bb5+ Bd7 4. Bxd7+ Qxd7 5. c4 Nc6 6. Nc3 Nf6 7. d4 cxd4 8.
Nxd4 g6 9. f3 Bg7 10. Be3 O-O 11. O-O Rfc8 12. Nde2 Nb4 13. b3 Na6 14. Bd4 Nc5
15. Nd5 Nxd5 16. exd5 b5 17. Rc1 bxc4 18. Bxg7 Kxg7 19. Rxc4 Qf5 20. Qd4+ Kg8
21. Rfc1 a5 22. Ng3 Qd7 23. Qe3 Rab8 24. Qc3 Rb4 25. Rxb4 axb4 26. Qxb4 Nd3 27.
Rxc8+ Qxc8 28. Qc4 Qxc4 29. bxc4 Ne5 30. Ne4 Nxc4 31. Kf2 Kf8 32. Ke2 Nb6 33.
Nc3 Ke8 34. Kd3 Kd7 35. f4 Kc7 36. Kd4 Nd7 37. Ne4 h6 38. Kc4 Nb6+ 39. Kd4 Nd7
40. Kc4 Nb6+ 41. Kd4 1/2-1/2

[Event "13. Sparkassen Open 2014 - Gruppe A"]
[Site "Forchheim"]
[Date "2014.10.03"]
[Round "2.15"]
[White "Huber, Edwin"]
[Black "Steinhart, Christoph"]
[Result "1/2-1/2"]
[WhiteElo "2148"]
[BlackElo "2025"]
[PlyCount "98"]
[EventDate "2014.??.??"]

1. d4 d5 2. e4 dxe4 3. Nc3 Nf6 4. f3 e3 5. Bxe3 e6 6. Bd3 Bb4 7. Nge2 Nc6 8.
O-O Nd5 9. Nxd5 exd5 10. c3 Bd6 11. Nf4 Ne7 12. Qc2 g6 13. Rae1 c6 14. Rf2 Qc7
15. g3 O-O 16. Rfe2 Bf5 17. Bc1 Qd7 18. g4 Bxd3 19. Nxd3 Kg7 20. Bg5 Ng8 21.
Qc1 Rae8 22. Nc5 Bxc5 23. dxc5 Rxe2 24. Rxe2 Re8 25. Qe1 Rxe2 26. Qxe2 Qe6 27.
Qd2 h6 28. Be3 f5 29. h3 fxg4 30. hxg4 h5 31. Bd4+ Kh7 32. gxh5 gxh5 33. Kf2
Nh6 34. Qg5 Qg6 35. Qe7+ Qf7 36. Qg5 Nf5 37. Be5 Nh6 38. Ke2 Qg6 39. Qe7+ Qf7
40. Qd8 Qg8 41. Qc7+ Qf7 42. Qb8 a6 43. f4 h4 44. Qh8+ Kg6 45. Kf3 Qf5 46. Qe8+
Nf7 47. b4 Kh7 48. Qe7 Kg6 49. Qe8 Qd3+ 1/2-1/2